Democracia y gobernabilidad en América Latina / (Record no. 54500)
[ view plain ]
| 000 -LEADER | |
|---|---|
| campo de control de longitud fija | 01416nam a2200181 4500 |
| 001 - NÚMERO DE CONTROL | |
| campo de control | 447 |
| 005 - FECHA Y HORA DE LA ÚLTIMA TRANSACCIÓN | |
| campo de control | 20230410120925.0 |
| 008 - DATOS DE LONGITUD FIJA--INFORMACIÓN GENERAL | |
| campo de control de longitud fija | 060907n1992 dr spa |
| 035 ## - NÚMERO DE CONTROL DEL SISTEMA | |
| -- | funglode450 |
| 041 ## - CÓDIGO DE IDIOMA | |
| Código de lengua del texto/banda sonora o título independiente | ES |
| 050 14 - SIGNATURA TOPOGRÁFICA DE LA BIBLIOTECA DEL CONGRESO | |
| Número de clasificación | JC 421 M473d 1992 |
| 245 0# - MENCIÓN DEL TÍTULO | |
| Título | Democracia y gobernabilidad en América Latina / |
| Mención de responsabilidad, etc. | Coordinador René Antonio Mayorga |
| 260 ## - PUBLICACIÓN, DISTRIBUCIÓN, ETC. | |
| Lugar de publicación, distribución, etc. | La Paz : |
| Nombre del editor, distribuidor, etc. | Centro Boliviano de Estudios Multidisciplinarios; Instituto Latinoamericano de Investigaciones Sociales (ILDIS-Bolivia); Nueva Sociedad, |
| Fecha de publicación, distribución, etc. | 1992 |
| 300 ## - DESCRIPCIÓN FÍSICA | |
| Extensión | 187 p. / 23 cm. |
| 520 ## - RESUMEN, ETC. | |
| Sumario, etc. | Gobernabilidad en Bolivia, 19. -- Presidencialismo híbrido y democratización, 21. -- Gobernabilidad en entredicho : Conflictos institucionales y sistemas presidencialista, 41. -- Partidos políticos e informalización de la política, 63. -- Gobernabilidad, élite del poder y cultura política, 87. -- Nueva política económica y modernización del Estado, 99. -- Descentralización político - administrativa y gobernabilidad, 111. -- Perspectivas comparativas, 129. -- El problema de la gobernabilidad en Bolivia, Perú y Ecuador, 131. -- Democracia y desintegración política de Perú, 149. -- Proceso político y reforma institucional en Colombia, 165. -- Transición y democracia en Chile, 173. -- Bolivia y la modernidad : Una democracia para todos, no una isla para pocos, 177 |
| 700 ## - ENTRADA AGREGADA--NOMBRE PERSONAL | |
| Nombre de persona | Mayorga, René Antonio, Coord |
| 942 ## - ELEMENTOS DE ENTRADA SECUNDARIOS (KOHA) | |
| Fuente del sistema de clasificación o colocación | Clasificación de Library of Congress |
| Tipo de ítem Koha | |
| Estatus retirado | Estado de pérdida | Fuente del sistema de clasificación o colocación | Estado de daño | No para préstamo | Colección | Biblioteca de origen | Biblioteca actual | Ubicación en estantería | Fecha de adquisición | Serial enumeration / chronology | Signatura topográfica completa | Código de barras | Visto por última vez | Copia número | Tipo de ítem Koha |
|---|---|---|---|---|---|---|---|---|---|---|---|---|---|---|---|
| Clasificación de Library of Congress | Ciencias Sociales | Biblioteca Juan Bosch | Biblioteca Juan Bosch | Ciencias Sociales (3er. Piso) | 24/10/2018 | 1 | JC 421 M473d 1992 | 00020020013 | 24/10/2018 | 1 |
